How to Draw Dinosaurs in Simple Steps (Record no. 241560)

MARC details
000 -LEADER
fixed length control field 00318pam a2200133 a 4500
020 ## - INTERNATIONAL STANDARD BOOK NUMBER
Terms of availability
041 ## - LANGUAGE CODE
Language code of original
082 ## - DEWEY DECIMAL CLASSIFICATION NUMBER
Classification number 743.6
Item number PAL
100 ## - MAIN ENTRY--PERSONAL NAME
Personal name Dandi Palmer .
245 ## - TITLE STATEMENT
Title How to Draw Dinosaurs in Simple Steps
Medium Textual Documents
260 ## - PUBLICATION, DISTRIBUTION, ETC.
Place of publication, distribution, etc. [s.l]:
Name of publisher, distributor, etc. Search Press,
Date of publication, distribution, etc. 2012.
300 ## - PHYSICAL DESCRIPTION
Extent 31:
Other physical details paper.
930 ## - EQUIVALENCE OR CROSS-REFERENCE-UNIFORM TITLE HEADING [LOCAL, CANADA]
Uniform title 7770
Holdings
Withdrawn status Lost status Damaged status Not for loan Collection Home library Current library Date acquired Source of acquisition Cost, normal purchase price Total Checkouts Full call number Barcode Date last seen Copy number Price effective from Koha item type
          College of Fine Arts, Pune College of Fine Arts, Pune 09/02/2017 Bhararti Sahakari Grahak Bhandar 443.61   743.6 PAL FAP-8434 07/03/2023 1 07/03/2023 Book